Economics for historians

Αποθηκεύτηκε σε:
Λεπτομέρειες βιβλιογραφικής εγγραφής
Κύριος συγγραφέας: Hawke, G. R. (Gary Richard)
Μορφή: Βιβλίο
Γλώσσα:English
Δημοσίευση: Cambridge [Eng.] : New York : Cambridge University Press, 1980
Θέματα:
Ετικέτες: Προσθήκη ετικέτας
Δεν υπάρχουν, Καταχωρήστε ετικέτα πρώτοι!

MARC

LEADER 00000cam a2200000 i 4500
001 1/32255
008 960422s1980 eng d
020 |a 0521227348 ((pbk.)) 
020 |a 0521296277 
035 |l 10023727 
040 |a GR-MY-UA  |b gre  |e aacr 
041 0 |a eng 
082 0 |a 330 
100 1 |a Hawke, G. R. (Gary Richard) 
245 1 0 |a Economics for historians /  |c G. R. Hawke 
260 |a Cambridge [Eng.] :   |a New York :   |b Cambridge University Press,   |c 1980 
300 |a xii, 237 p.;  |b ill.;  |c 22 cm 
504 |a Includes bibliographical references and index 
650 0 0 |a Economics. 
852 |a INST  |b CHIOS  |e 19960422  |h 330.02497 HAW  |p 005200005965  |q 005200005965  |t BK  |y 0 
909 |a Χ  |b 001762